| 000 | 00330nam a22001337a 4500 | ||
|---|---|---|---|
| 082 |
_a894-818 _bPAU/F |
||
| 100 | _aVARGHESE PAUL | ||
| 245 |
_a501 GROUP GAMES _b501 GROUP GAMES |
||
| 246 |
_a501 GROUP GAMES _b501 GROUP GAMES |
||
| 260 |
_aTHRISSUR _bAKSHAYA PUBLICATIONS _c1994 |
||
| 300 | _a128 | ||
| 520 | _aGROUP GAMES | ||
| 942 | _cBK | ||
| 999 |
_c992 _d992 |
||